00866nam a2200193Ia 4500003000400000005001700004008004100021040002100062041000800083082002100091100002500112245011600137260005100253300002900304490002400333520026400357650002300621700002800644OSt20200408131731.0191128s1953 ag gr 000 0 spa d aCO-JMCRcCO-JMCR0 aspa04a301.11 /bC116r 1 aCabot, Hugh, eautor10aRelaciones humanas : bconceptos y casos en la ciencia social concreta : II casos /cHugh Cabot, Joseph A. Kahl aBuenos Aires : bBibliográfica Omeba, c1953 a335 páginas ; c19 cm.0 aAmérica en letras ala comprension de las relaciones humanas se fundamenta en la íntima relación entre la observación de los hechos sociales y la sistemática reflexión acerca de ellos. Si no partimos de una observación cuidadosa de los echos herméticos y complejos.14aRelaciones humanas1 aJoseph A. Kahl, eautor